| 000 | 01438nam0a2200313 4500 | ||
|---|---|---|---|
| 001 | RU\NLR\bibl\1682733 | ||
| 005 | 20250616052108.0 | ||
| 010 |
_a978-5-8290-0919-9 _9500 |
||
| 035 | _a(NLR Aleph) 001673924 | ||
| 090 |
_a1058874 _c1058874 |
||
| 100 | _a20101006d2010 |||y0rusy50 ca | ||
| 101 | 0 | _arus | |
| 102 | _aRU | ||
| 105 | _ay ||||||||| | ||
| 200 | 1 |
_a300 лет Царскому Селу _eсборник научных статей _fЛенингр. гос. ун-т им. А.С. Пушкина _g[отв. ред.: В.А. Веременко, д.ист.н., доц.] |
|
| 210 |
_aСанкт-Петербург _cЛенинградский государственный университет _d2010 |
||
| 215 |
_a119 с. _d20 |
||
| 320 | _aБиблиогр. в подстроч. примеч. | ||
| 607 |
_aЦарское Село, город _jСборники _xИстория _92078936 _3RU\NLR\auth\661254803 |
||
| 686 | _aТ3(2-2СПб98)я43 | ||
| 702 | 1 |
_aВеременко _bВ. А. _gВалентина Александровна _4340 |
|
| 712 | 0 | 2 |
_4570 _aЛенинградский государственный университет им. А. С. Пушкина _cПушкин, Санкт-Петербург _9827117 _3RU\NLR\AUTH\880580746 |
| 801 | 0 |
_aRU _bNLR _c20101006 _gRCR |
|
| 801 | 1 |
_aRU _bNLR _c20101006 |
|
| 830 | _aред. по кн. | ||
| 942 | _cBOOK | ||
| 980 | _aNB | ||